Maladies les plus courantes en France - Statistiques

Statistiques générales
  • Ce quiz a été pris 380 fois
  • Le résultat moyen est 1 sur 10
Statistiques - réponses
Numéro Maladie % Correct
4 Diabète
88%
10 Obésité
24%
2 Cancers
21%
1 Maladies cardiovasculaires
5%
6 Maladies infectieuses
2%
5 Maladies neurologiques
2%
3 Maladies respiratoires
2%
9 Maladies gastro-intestinales
1%
8 Troubles mentaux
1%
7 Maladies musculo-squelettiques
0%
Aucun quiz correspondant
Distribution des résultats
% des personnes avec chaque résultat
Percentile par nombre de réponses
Votre historique - résultats
Vous n’avez pas pris ce quiz